Gaming Quiz

Random Gaming or Mario Quiz

Mario Kart Blitz Quiz Stats

 Plays Quiz not verified by Sporcle

Support Sporcle.
Go Orange.
Score 0/8 Timer 05:00
0 Plays Today
Year Mario Kart Game % Correct
1996Mario Kart 64
89.9%
1992Super Mario Kart
88.4%
2003Mario Kart: Double Dash!!
79.7%
2008Mario Kart Wii
78.3%
2005Mario Kart DS
76.8%
2007Mario Kart Arcade GP 2
21.7%
2005Mario Kart Arcade GP 1
14.5%
2001Mario Kart: Super Circut
10.1%

You're not logged in!

Compare scores with friends on all Sporcle quizzes.
OR
Log In
Remove Ads.
Support Sporcle.
Get the best of Sporcle when you Go Orange. This ad-free experience offers more features, more stats, and more fun while also helping to support Sporcle. Thank you for becoming a member.

Show Comments

Extras

Top Quizzes Today


Score Distribution

Your Account Isn't Verified!

In order to create a playlist on Sporcle, you need to verify the email address you used during registration. Go to your Sporcle Settings to finish the process.

Report this User

Report this user for behavior that violates our Community Guidelines.

Details: